00627cam a22002291 4500001001300000003000400013005001700017008004100034010001700075035002000092040001800112042001200130050001900142100003200161245004300193260001100236300005000247500001400297504003200311600003700343999001700380sa 66001703 DLC20260227112224.0890619s1965 ii acj b 000 0 hino  asa 66001703  a(OCoLC)19891750 aDLCcWaUdDLC apremarc00aPK2098.P7bZ631 aChakravarty, Vasant,d1931-00aPrasāda kī dārśanika cetanā. c[1965] a563 p.billus., geneal. tables, port.c22 cm. aIn Hindi. aBibliography: p. [552]-563.10aPrasad, Jai Shankar,d1889-1937. c67932d67932